My song is beautiful : (Record no. 8263)

MARC details
000 -LEADER
fixed length control field 01058nam a22002777a 4500
001 - CONTROL NUMBER
control field 8263
003 - CONTROL NUMBER IDENTIFIER
control field FISKH
005 - DATE AND TIME OF LATEST TRANSACTION
control field 20251210094528.0
008 - FIXED-LENGTH DATA ELEMENTS--GENERAL INFORMATION
fixed length control field 250905b cb ||||| |||| 00| 0 eng d
020 ## - INTERNATIONAL STANDARD BOOK NUMBER
International Standard Book Number 9780316068352
040 ## - CATALOGING SOURCE
Original cataloging agency FISKH
Language of cataloging eng
Transcribing agency FISKH
Modifying agency FISKH
050 ## - LIBRARY OF CONGRESS CALL NUMBER
Classification number PN6109 .M9
082 ## - DEWEY DECIMAL CLASSIFICATION NUMBER
Classification number 808.81
100 ## - MAIN ENTRY--PERSONAL NAME
Personal name Hoberman, Mary Ann
245 ## - TITLE STATEMENT
Title My song is beautiful :
Remainder of title Poems & picutres in many voices /
Statement of responsibility, etc. By Mary Ann Hoberman
260 ## - PUBLICATION, DISTRIBUTION, ETC.
Place of publication, distribution, etc. New York :
Name of publisher, distributor, etc. Little, Brown and Company ,
Date of publication, distribution, etc. 1994.
300 ## - PHYSICAL DESCRIPTION
Extent 31 pages :
Other physical details color illustrations ;
Dimensions 28 cm .
505 ## - FORMATTED CONTENTS NOTE
Formatted contents note J <br/>
520 ## - SUMMARY, ETC.
Summary, etc. A collection of 14 simple poems which celebrate the power of childhood from the perspectives of a variety of cultures. The illustrations have been created to illustrate different techniques, such as woodcut, silk-screen, watercolour, collage and printed fabric.
521 8# - TARGET AUDIENCE NOTE
Target audience note 500 <br/>
Source Lexile estimate <br/>
521 8# - TARGET AUDIENCE NOTE
Target audience note J <br/>
Source Raz-Plus <br/>
650 ## - SUBJECT ADDED ENTRY--TOPICAL TERM
Topical term or geographic name entry element Multicultural
Form subdivision Fiction
700 ## - ADDED ENTRY--PERSONAL NAME
Personal name Holman, Felice
Relator term Illustrator
942 ## - ADDED ENTRY ELEMENTS (KOHA)
Source of classification or shelving scheme Dewey Decimal Classification
Koha item type Books
Suppress in OPAC No
Holdings
Withdrawn status Lost status Source of classification or shelving scheme Damaged status Not for loan Collection Home library Current library Shelving location Date acquired Total Checkouts Full call number Barcode Date last seen Copy number Price effective from Koha item type
    Dewey Decimal Classification     Juvenile Fiction Footprints International School Library Network Toul Tom Poung Campus Footprints International School Library Network Toul Tom Poung Campus TTP Primary Dark Blue Bookshelves 09/05/2025   HOB 808.81 PN6109 .M9 FISTK02476 09/05/2025 1 09/05/2025 Books
    Dewey Decimal Classification     Juvenile Fiction Footprints International School Library Network Toul Tom Poung Campus Footprints International School Library Network Toul Tom Poung Campus TTP Primary Dark Blue Bookshelves 12/10/2025   HOB 808.81 PN6109 .M9 FIS03352 12/10/2025 2 12/10/2025 Books